000 00323pam a2200145 a 4500
020 _c
041 _aeng
082 _a515
_bRUD
100 _aRudin W.,.
245 _aReal And Complex Analysis
_hTextual Documents
250 _a1985. /
_b9th.
260 _aNew Delhi
_bTata McGraw Hill
300 _a452p.
930 _a9923
999 _c86828
_d86828